000 00930cam a2200253 a 4500
001 2155837
005 20250124134706.0
008 980723s1997 gh b f000 0 eng
020 _a9964302398
050 0 0 _aHN832.Z9
_bC615 1997
100 2 _aAnsu-Kyeremeh, Kwasi.
245 1 0 _aCommmunication [sic], education and development :
_bexploring an African cultural setting /
_cKwasi Ansu-Kyeremeh.
250 _a2nd ed., rev.
260 _aAccra :
_bGhana Universities Press,
_c1997.
300 _a145 p. ;
_c23 cm.
500 _aPrevious ed.: Edmonton, Alta., Canada : ELSA Pub., Cromdale School, 1994.
500 _a"Published for the University of Ghana, Legon ..."--T.p. verso.
500 _aErrata slip inserted.
650 0 _aCommunication in rural development
_zGhana.
650 0 _aCommunication in education
_zGhana.
650 0 _aRural development
_zGhana.
710 2 _aUniversity of Ghana.
942 _2lcc
_cBK
_n0
999 _c3033
_d3033